000 00340cam a2200145ua 4500
041 _aeng
_h
082 _a574.526323
_bCLE/PO
100 _aClegg, John .
245 _aPond and stream life /
_cJohn Clegg.
_hTextual Documents
260 _aStanford :
_bWater life.
300 _a44 ; .
504 _a
942 _cBK
999 _c9270
_d9270